000 00483nam a2200169Ia 4500
005 20250423100913.0
008 250422s9999 xx 000 0 und d
020 _a3805562209
050 _aRC 200 .S497/
245 0 _aSexually transmitted diseases : advances in diagnosis and treatment
260 _aBasel
260 _bKarger
260 _c1996
300 _a267 p
650 _aSexually Transmitted Diseases--diagnosis. Sexually Transmitted Diseases--therapy.
942 _cBK
999 _c34696
_d34696